000 00705nam a22002297a 4500
005 20220103151033.0
008 220103b ||||| |||| 00| 0 eng d
040 _cAL
041 _aeng
082 _223
_a303.625
_bHEAI
100 _aHeartland Eurasian Review of Geopolitics
_912305
245 _aImportance of Being India
260 _aSingapore:
_bGuppo Editoriale Espresso,
_c2001.
300 _a124 p.
_bPB
_c24x17 cm.
365 _b8.80
_c
_d8.80
650 _aTerrorism
_912300
650 _aIndia's War on Global Terrorism
_912301
650 _aIndo Italian Kampilya Project
_912302
650 _aKashmir
_912303
700 _aHEARTLAND A WORLD PARTNER OF LIMES
_912304
942 _2ddc
_cGF
999 _c221048
_d221048